Rush - Troye Sivan - Statistics

General Stats
  • This quiz has been taken 31 times
  • The average score is 179 of 240
Answer Stats
Answer % Correct
Addicted
100%
feel
100%
I
100%
rush
100%
the
100%
to
100%
touch
100%
you
100%
You
100%
your
100%
it
97%
(It's
97%
it's
97%
It's
97%
oh)
97%
Oh,
97%
so
93%
So
93%
good,
90%
good)
90%
good
90%
good.
90%
me
90%
me,
90%
when
86%
want
79%
body
76%
my
76%
My
76%
what
76%
What
76%
show
72%
tell
69%
heartbeat
66%
(heartbeat)
66%
take
66%
Take
66%
Baby
62%
got
62%
if
59%
racing
59%
(racing)
59%
talk
59%
one,
55%
one
55%
wanna
55%
Boy,
52%
boy
52%
can
52%
of
52%
we
52%
blazing
48%
gravity,
48%
you're
48%
been
45%
let
45%
love,
45%
up,
45%
up
45%
all
41%
fun
41%
know
41%
slow
41%
vibration,
41%
You've
41%
communication,
38%
is
38%
much
38%
two,
38%
better
34%
don't
34%
feeling
34%
three,
34%
Big
31%
simulation,
31%
done,
28%
Every
28%
recreate
28%
stimulation,
28%
sun
28%
give?
24%
Pass
24%
rocket
24%
scheming
24%
this
24%
Breathe
21%
Pocket
21%
break
17%
gun
17%
heatwave
17%
Kiss
17%
(like,
17%
promise
17%
Translate
14%
Trust
14%
man,
10%
shit
10%
No matching quizzes found
Score Distribution
Percent of People with Each Score
Percentile by Number Answered
Your Score History
You have not taken this quiz